000 00381nam a22001697a 4500
003 SGT
020 _a9789352704026
082 _a617.7
_bG18N
100 _aNEMA, H.V.
245 _aGEMS OF OPHTHALMOLOGY RETINA
250 _a1ST
260 _aINDIA
_bJAYPEE PUB
_c2018
300 _a425
650 _aOPHTHALMOLOGY
653 _aGEMS OF OPHTHALMOLOGY RETINA
942 _2ddc
_cBK
999 _c33775
_d33775